| 000 | 00498nam a2200193 a 4500 | ||
|---|---|---|---|
| 001 | 1768898038114 | ||
| 003 | YourLibrary | ||
| 005 | 20260120141624.0 | ||
| 008 | 260120s2005##################000#0#eng## | ||
| 020 | _a9780761932956 | ||
| 082 | 0 | 4 |
_a303.484 _bANA |
| 100 | 1 |
_aGiri, Ananta Kumar, _eauthor. |
|
| 245 | 1 | 0 | _aReflections and Mobilizations : |
| 260 |
_bSAGE, _c2005. |
||
| 300 | _a444 pages | ||
| 650 | 0 | _aSocial Science. | |
| 942 | _cENGLISH | ||
| 040 |
_aYourLibrary _beng _cYourLibrary |
||
| 999 |
_c608729 _d608729 |
||